000 00318nam a22001217a 4500
999 _c9417
_d9417
003 OSt
008 201203b ||||| |||| 00| 0 eng d
245 _aAsian Dyer
250 _a2014( Feb-Mar Vol.11 No.1, Apr-May Vol.11 No.2 )
260 _aMumbai
_bTexchem Publication
650 _aTextile Engineering
942 _2ddc
_cBV